000 00676nam a2200241Ia 4500
003 OSt
005 20221007065352.0
006 a|||||r|||| 00| 0
007 ta
008 221006b |||||||| |||| 00| 0 eng d
024 _a7,269
037 _cTextual
040 _aFLL
_cFLL
_beng
041 _2eng
_aeng
082 _aZ1aN7, L1.4
100 _aField Norman S.
_9686896
245 0 _aLeague of nations & united nations monthly list of selected articles
260 _aDobbs
_bFerry Oceana Publications, Inc. New York
_c1971
300 _a1569p
_ccm.
490 _v4
942 _hZ1aN7, L1.4
_cTEXL
_2CC
999 _c1137117
_d1137117